[Event "Interclubs Adultes"]
[Site "VINCENNES"]
[Date "15.??.??"]
[Round "4.3"]
[White "San Emeterio Cabanes, Jose L"]
[Black "Mohebbi, Jaffar"]
[Result "1/2-1/2"]
[WhiteElo "2373"]
[BlackElo "2266"]
[PlyCount "97"]
[EventDate "15.??.??"]
[WhiteTeam "Lutèce Echecs"]
[BlackTeam "Gambsheim"]

1. d4 Nf6 2. Bg5 Ne4 3. Bf4 c5 4. f3 Qa5+ 5. c3 Nf6 6. Nd2 cxd4 7. Nb3 Qb6 8.
Qxd4 Qxd4 9. cxd4 d5 10. Rc1 Nc6 11. e3 e6 12. a3 Be7 13. Bb5 O-O 14. Rxc6 bxc6
15. Bxc6 Ba6 16. Bxa8 Rxa8 17. Nh3 Nh5 18. Na5 Bd8 19. b4 Nxf4 20. Nxf4 Bxa5
21. bxa5 Rb8 22. Kd2 g5 23. Nh5 Rb3 24. Rc1 Rd3+ 25. Ke2 Rxa3+ 26. Kf2 Ra2+ 27.
Kg3 Bc4 28. Rb1 h6 29. h4 Kh7 30. hxg5 hxg5 31. Nf6+ Kg6 32. Nd7 f6 33. Rb7 Bf1
34. Rxa7 Rxg2+ 35. Kh3 Kf5 36. Nc5 Ra2+ 37. Kg3 Rg2+ 38. Kh3 e5 39. Ra6 exd4
40. exd4 Ra2+ 41. Kg3 Rg2+ 42. Kh3 Kg6 43. Ra7 f5 44. a6 Ra2+ 45. Kg3 f4+ 46.
Kg4 Rg2+ 47. Kh3 Kh5 48. Rh7+ Kg6 49. Rd7 1/2-1/2

[Event "Interclubs Adultes"]
[Site "VINCENNES"]
[Date "15.??.??"]
[Round "4.4"]
[White "Becht, Lucas"]
[Black "Lamorelle, Yves"]
[Result "1/2-1/2"]
[WhiteElo "2198"]
[BlackElo "2233"]
[PlyCount "59"]
[EventDate "15.??.??"]
[WhiteTeam "Gambsheim"]
[BlackTeam "Lutèce Echecs"]

1. e4 e5 2. Nf3 Nc6 3. Bb5 a6 4. Bxc6 dxc6 5. O-O f6 6. d4 exd4 7. Nxd4 c5 8.
Nb3 Qxd1 9. Rxd1 Bg4 10. f3 Be6 11. Bf4 c4 12. Nd4 O-O-O 13. Nc3 Bc5 14. Nce2
Ne7 15. Be3 Bf7 16. Nf5 Bxe3+ 17. Nxe3 Rhe8 18. Kf2 Rd6 19. Rxd6 cxd6 20. Rd1
Kc7 21. Nc3 Kc6 22. Ned5 Kc5 23. Na4+ Kc6 24. Nac3 Kc5 25. b4+ cxb3 26. cxb3
Nxd5 27. Nxd5 Bxd5 28. Rxd5+ Kc6 29. Rd4 Re5 30. Ke3 1/2-1/2

[Event "Interclubs Adultes"]
[Site "VINCENNES"]
[Date "15.??.??"]
[Round "4.5"]
[White "Carpentier, Pierre"]
[Black "Syska, Albert"]
[Result "1-0"]
[WhiteElo "2168"]
[BlackElo "2252"]
[PlyCount "75"]
[EventDate "15.??.??"]
[WhiteTeam "Lutèce Echecs"]
[BlackTeam "Gambsheim"]

1. e4 c5 2. Nc3 Nc6 3. g3 g6 4. Bg2 Bg7 5. d3 d6 6. Nh3 e6 7. Be3 Qa5 8. Qd2
Nd4 9. O-O Ne7 10. Bh6 Bxh6 11. Qxh6 Nxc2 12. Rac1 Nd4 13. Ng5 Qd8 14. Qh4 Kd7
15. Nxf7 Rg8 16. Qf6 Qf8 17. e5 d5 18. Rfe1 Qg7 19. Nxd5 Nxd5 20. Bxd5 Qxf6 21.
exf6 exd5 22. Re7+ Kc6 23. Ne5+ Kb6 24. f7 Rf8 25. Kg2 Nc6 26. Nxc6 Kxc6 27.
Kf3 Bf5 28. Kf4 Rad8 29. Ke5 Rd6 30. b4 Rd7 31. Rxc5+ Kb6 32. Kf6 Rdd8 33. a4
a5 34. Rb5+ Kc6 35. Rbxb7 Bxd3 36. Rbc7+ Kd6 37. b5 d4 38. Rc6+ 1-0

[Event "Interclubs Adultes"]
[Site "VINCENNES"]
[Date "15.??.??"]
[Round "4.6"]
[White "Marzolf, Bruno"]
[Black "Maleki, Nicolas"]
[Result "0-1"]
[WhiteElo "2252"]
[BlackElo "2193"]
[PlyCount "68"]
[EventDate "15.??.??"]
[WhiteTeam "Gambsheim"]
[BlackTeam "Lutèce Echecs"]

1. e4 e5 2. Nf3 Nc6 3. Bb5 a6 4. Bxc6 dxc6 5. d3 f6 6. Be3 Be6 7. Nbd2 Bd6 8.
O-O Ne7 9. Re1 Ng6 10. c3 O-O 11. d4 Qe7 12. Qc2 c5 13. Rac1 Rae8 14. Nb3 cxd4
15. cxd4 Bg4 16. Nfd2 exd4 17. Nxd4 Qe5 18. g3 Qh5 19. f4 Bh3 20. Nf5 Bxf5 21.
exf5 Ne7 22. Qb3+ Kh8 23. Qxb7 Nxf5 24. Bf2 Rb8 25. Qxa6 Rxb2 26. Ne4 Nd4 27.
Rc3 Nf3+ 28. Rxf3 Qxf3 29. Qa7 Bb4 30. Qe3 Qxe3 31. Rxe3 f5 32. Ng5 Bc5 33. Rf3
Bxf2+ 34. Rxf2 Rxf2 0-1

[Event "Interclubs Adultes"]
[Site "VINCENNES"]
[Date "15.??.??"]
[Round "4.7"]
[White "Wunderman, Xavier"]
[Black "Engelmann, Herve"]
[Result "1-0"]
[WhiteElo "2092"]
[BlackElo "2082"]
[PlyCount "79"]
[EventDate "15.??.??"]
[WhiteTeam "Lutèce Echecs"]
[BlackTeam "Gambsheim"]

1. e4 e5 2. f4 exf4 3. Bc4 Nf6 4. Nc3 c6 5. d4 d5 6. exd5 cxd5 7. Bb5+ Nc6 8.
Bxf4 Bb4 9. Nge2 O-O 10. O-O h6 11. a3 Ba5 12. Qc1 Bb6 13. Qd2 Be6 14. Rad1 a6
15. Ba4 Ba7 16. Kh1 b5 17. Bb3 Na5 18. Ba2 Nc4 19. Bxc4 bxc4 20. Rf3 Nh5 21. h3
Qh4 22. Rdf1 g5 23. Be3 Ng7 24. Rf6 Bb8 25. Bf2 Qh5 26. Ng3 Bxg3 27. Bxg3 Ne8
28. R6f2 f5 29. Re1 Qf7 30. Rfe2 Ng7 31. Be5 Rae8 32. Bd6 Nh5 33. Re5 f4 34.
Bxf8 f3 35. Bxh6 f2 36. Qxg5+ Kh7 37. Rf1 Bxh3 38. Qxh5 Bxg2+ 39. Kxg2 Rg8+ 40.
Bg7+ 1-0

[Event "Interclubs Adultes"]
[Site "VINCENNES"]
[Date "15.??.??"]
[Round "4.8"]
[White "Criqui, Laurence"]
[Black "Vega-Ritter, Isabelle"]
[Result "1-0"]
[WhiteElo "1640"]
[BlackElo "1470"]
[PlyCount "70"]
[EventDate "15.??.??"]
[WhiteTeam "Gambsheim"]
[BlackTeam "Lutèce Echecs"]

1. e4 e5 2. Nf3 d6 3. d4 Nc6 4. d5 Nce7 5. Be3 Nf6 6. Nc3 a6 7. h3 h6 8. Qd2
Bd7 9. Be2 Ng6 10. a3 c5 11. O-O Be7 12. Rab1 O-O 13. b4 b6 14. bxc5 bxc5 15.
Rb2 Qc8 16. Rfb1 Nh5 17. Nxe5 Nf6 18. Nxd7 Nxd7 19. Rb7 Qd8 20. Na4 Qc8 21. Bg4
Nge5 22. Bxd7 Nxd7 23. Qe2 Bd8 24. Bf4 Bc7 25. R7b3 Nf6 26. Rg3 Kh7 27. Qd3 g6
28. Re1 Nh5 29. Rf3 Qd7 30. Nb2 Nxf4 31. Rxf4 Rfe8 32. Nc4 Qe7 33. f3 f5 34.
Qd2 fxe4 35. Rexe4 Qf7 1-0

[Event "Nationale 1 Besançon-Grasse"]
[Site "Avignon"]
[Date "2007.12.15"]
[Round "4.1"]
[White "Charnushevich, A."]
[Black "Dobrev, N."]
[Result "0-1"]
[WhiteElo "2533"]
[BlackElo "2448"]
[PlyCount "132"]
[EventDate "2007.12.16"]
[SourceDate "2007.12.16"]

1. d4 d5 2. c4 e6 3. Nf3 Nf6 4. g3 Be7 5. Bg2 O-O 6. O-O dxc4 7. Ne5 Nc6 8.
Nxc6 bxc6 9. Nc3 Rb8 10. Qa4 Qxd4 11. Be3 Qe5 12. Qxa7 Rb7 13. Qd4 Qh5 14. Bf3
e5 15. Qxc4 Ng4 16. Bxg4 Bxg4 17. b3 Qg6 18. Bc5 Bxc5 19. Qxc5 Qd6 20. Qe3 Qd4
21. Rfd1 Qxe3 22. fxe3 f6 23. Kf2 c5 24. Rac1 c4 25. bxc4 Rb4 26. c5 Ra8 27. c6
Rb6 28. h3 Bxh3 29. Nd5 Rb2 30. Rb1 Raxa2 31. Rxb2 Rxb2 32. Nxc7 Rc2 33. Nd5
Kf7 34. Nb4 Rc4 35. Rb1 Bf5 36. Rb2 Be4 37. Rb3 h5 38. Rb2 g5 39. Rb3 Kg6 40.
Rb2 Kf5 41. Rb3 Kg4 42. Nd3 Bxc6 43. Rb8 Be4 44. Ne1 Ra4 45. Rf8 Ra6 46. Rh8
Ra2 47. Rg8 Kh3 48. Rh8 h4 49. gxh4 g4 50. Rg8 f5 51. h5 f4 52. exf4 exf4 53.
Re8 g3+ 54. Kf1 Bg2+ 55. Nxg2 Ra1+ 56. Ne1 g2+ 57. Kf2 Rxe1 58. Kxe1 g1=Q+ 59.
Kd2 Qg5 60. Kd1 Kg2 61. Rc8 Qd5+ 62. Kc1 Qxh5 63. Rc2 Kf1 64. Kd1 Qd5+ 65. Rd2
Qb3+ 66. Kc1 Ke1 0-1

[Event "Nationale 1 Besançon-Grasse"]
[Site "Avignon"]
[Date "2007.12.15"]
[Round "4.2"]
[White "Dunis, A."]
[Black "Sermier, G."]
[Result "1-0"]
[WhiteElo "2504"]
[BlackElo "2359"]
[PlyCount "85"]
[EventDate "2007.12.16"]
[SourceDate "2007.12.16"]

1. c4 e5 2. g3 Nf6 3. Bg2 Be7 4. Nc3 O-O 5. Nf3 d6 6. d4 Nbd7 7. O-O c6 8. e4
Qc7 9. Be3 Re8 10. h3 a6 11. Rc1 Bf8 12. Re1 b6 13. d5 c5 14. a4 g6 15. Nh2 Bg7
16. Bf3 Rf8 17. g4 Ne8 18. Kh1 Qd8 19. Rg1 Nc7 20. Be2 Kh8 21. Bd3 Nf6 22. Qe2
Qe7 23. Bg5 Bd7 24. Rcf1 Rab8 25. f4 h6 26. Bxf6 Qxf6 27. g5 Qe7 28. f5 hxg5
29. Ng4 f6 30. h4 b5 31. hxg5 fxg5 32. Qh2+ Kg8 33. fxg6 Rf4 34. Ne2 bxc4 35.
Bb1 Bxg4 36. Qh7+ Kf8 37. Nxf4 exf4 38. Rxg4 Rxb2 39. Rg2 c3 40. Qh3 Ne8 41.
Rxb2 cxb2 42. Rg1 Nf6 43. Rxg5 1-0

[Event "Nationale 1 Besançon-Grasse"]
[Site "Avignon"]
[Date "2007.12.15"]
[Round "4.3"]
[White "Crut, A."]
[Black "Andonov, B."]
[Result "1/2-1/2"]
[WhiteElo "2317"]
[BlackElo "2361"]
[PlyCount "112"]
[EventDate "2007.12.16"]
[SourceDate "2007.12.16"]

1. e4 c5 2. Nf3 Nc6 3. Bb5 e5 4. O-O Nge7 5. c3 g6 6. d4 cxd4 7. cxd4 exd4 8.
Nxd4 Bg7 9. Be3 O-O 10. Nc3 d5 11. Bxc6 bxc6 12. exd5 Nxd5 13. Nxd5 Qxd5 14.
Qb3 Qxb3 15. axb3 Bd7 16. Rfd1 Rfd8 17. Rd2 Be8 18. Nf3 Rxd2 19. Nxd2 a6 20.
Nc4 f5 21. f4 Bf7 22. Ra2 Bd5 23. Kf2 Be4 24. Nb6 Ra7 25. Nc4 Ra8 26. Nb6 Rb8
27. Rxa6 Bxb2 28. Ra8 Rxa8 29. Nxa8 Ba3 30. Nb6 Bb4 31. Nc4 Kf7 32. Bd2 Bc5+
33. Be3 Be7 34. g3 Ke6 35. Bd4 Bc2 36. Na5 Kd5 37. Bc3 Bd8 38. b4 Bb6+ 39. Ke2
Ba4 40. Be1 Bb5+ 41. Kf3 Bxa5 42. bxa5 Kd4 43. Bf2+ Kc4 44. g4 c5 45. gxf5 gxf5
46. Ke3 Kc3 47. Be1+ Kc2 48. Bh4 Kc3 49. Be1+ Kb3 50. Kd2 c4 51. Kc1 c3 52. Bh4
Bd3 53. Bf6 Kb4 54. Be5 c2 55. Bc7 Kc5 56. h4 Kc6 1/2-1/2

[Event "Nationale 1 Besançon-Grasse"]
[Site "Avignon"]
[Date "2007.12.15"]
[Round "4.4"]
[White "Di Paolo, R."]
[Black "Claverie, C."]
[Result "1/2-1/2"]
[WhiteElo "2342"]
[BlackElo "2320"]
[PlyCount "101"]
[EventDate "2007.12.16"]
[SourceDate "2007.12.16"]

1. e4 c5 2. Nf3 d6 3. c3 Nf6 4. Be2 Nc6 5. d4 cxd4 6. cxd4 d5 7. e5 Ne4 8. Nc3
e6 9. O-O Be7 10. Be3 Nxc3 11. bxc3 Na5 12. Nd2 Bd7 13. c4 dxc4 14. Nxc4 Bc6
15. Nd2 O-O 16. Bd3 Bd5 17. Qh5 g6 18. Qg4 Rc8 19. Ne4 Nc6 20. a3 f5 21. exf6
Bxf6 22. Nxf6+ Qxf6 23. Rad1 e5 24. Bb1 Bc4 25. Rfe1 exd4 26. Bxd4 Nxd4 27.
Qxd4 Qxd4 28. Rxd4 Rce8 29. Rxe8 Rxe8 30. Be4 Ba6 31. f3 Kf7 32. Kf2 Ke7 33.
Rb4 Rb8 34. h4 Kd6 35. Rd4+ Ke7 36. g4 b5 37. g5 Bc8 38. h5 Rb6 39. h6 Bd7 40.
Ke3 a5 41. Kd2 b4 42. axb4 axb4 43. Kc1 Rb5 44. f4 Be8 45. Bd5 Kf8 46. Kb2 Rb8
47. Be6 Bf7 48. Bg4 Kg8 49. f5 gxf5 50. Bxf5 Kf8 51. Rd7 1/2-1/2

[Event "Nationale 1 Besançon-Grasse"]
[Site "Avignon"]
[Date "2007.12.15"]
[Round "4.5"]
[White "Vesin, JR."]
[Black "Abravanel, C."]
[Result "0-1"]
[WhiteElo "2286"]
[BlackElo "2337"]
[PlyCount "86"]
[EventDate "2007.12.16"]
[SourceDate "2007.12.16"]

1. e4 Nf6 2. e5 Nd5 3. d4 d6 4. c4 Nb6 5. exd6 cxd6 6. Nc3 g6 7. Be3 Bg7 8. Be2
Nc6 9. Nf3 Bg4 10. O-O O-O 11. Qd2 Bxf3 12. gxf3 e5 13. d5 Nd4 14. Kg2 Nf5 15.
b3 h6 16. Kh1 Nd7 17. Rac1 a6 18. Rg1 Kh7 19. Ne4 b6 20. Bd3 Nh4 21. Qe2 f5 22.
Nc3 Qe7 23. Bd2 Rae8 24. Rce1 Qf6 25. Rg3 Kh8 26. Rh3 Kg8 27. Bc2 g5 28. b4 Ng6
29. Rg3 Nf4 30. Qf1 Qf7 31. Ba4 Rc8 32. Rg1 Rc7 33. Ne2 Nd3 34. Rb1 Qh5 35. Rg3
f4 36. Rg4 e4 37. Bxd7 Rxd7 38. Ng1 Ne5 39. Qh3 Qxh3 40. Nxh3 Nxg4 41. fxg4 e3
42. Be1 Rc7 43. c5 bxc5 0-1

[Event "Nationale 1 Besançon-Grasse"]
[Site "Avignon"]
[Date "2007.12.15"]
[Round "4.6"]
[White "Buffe, F."]
[Black "Sermier, A."]
[Result "1-0"]
[WhiteElo "2150"]
[BlackElo "2099"]
[PlyCount "103"]
[EventDate "2007.12.16"]
[SourceDate "2007.12.16"]

1. d4 d5 2. c4 e6 3. Nc3 c6 4. e3 Nf6 5. Nf3 Nbd7 6. Qc2 Be7 7. g4 dxc4 8. Bxc4
b5 9. Be2 Bb7 10. g5 Nd5 11. Nxd5 cxd5 12. Bd2 a6 13. Bd3 Rc8 14. Qb3 O-O 15.
a4 Bxg5 16. axb5 axb5 17. Bxb5 Bh6 18. Ke2 Bc6 19. Bxc6 Rxc6 20. Ra7 Nf6 21.
Ne5 Rb6 22. Qa3 Ne4 23. Rc1 Nxd2 24. Kxd2 Re8 25. Nxf7 Qh4 26. Nxh6+ gxh6 27.
Rg1+ Kh8 28. Rg2 Qe4 29. Rgg7 Reb8 30. Rgb7 R6xb7 31. Rxb7 Rc8 32. Rc7 Rb8 33.
Rb7 Rc8 34. Qd3 Qg6 35. h4 Rf8 36. f4 Rf5 37. b4 h5 38. b5 Qg2+ 39. Kc3 Qg1 40.
Kb4 Qe1+ 41. Qc3 Qb1+ 42. Ka5 Rf8 43. Qc7 Qg6 44. Rb8 Rxb8 45. Qxb8+ Kg7 46.
Qe5+ Kf7 47. f5 exf5 48. Qxd5+ Kg7 49. b6 Qg1 50. b7 Qe1+ 51. Kb6 Qb4+ 52. Kc7
1-0

[Event "Nationale 1 Besançon-Grasse"]
[Site "Avignon"]
[Date "2007.12.15"]
[Round "4.7"]
[White "Poignot, Q."]
[Black "Henneteau, J."]
[Result "1/2-1/2"]
[WhiteElo "2022"]
[BlackElo "2119"]
[PlyCount "131"]
[EventDate "2007.12.16"]
[SourceDate "2007.12.16"]

1. e4 d5 2. exd5 Qxd5 3. Nc3 Qd6 4. d4 Nf6 5. g3 c6 6. Bg2 Bg4 7. Nf3 e6 8. O-O
Qc7 9. Bf4 Bd6 10. Bxd6 Qxd6 11. Qd2 Bxf3 12. Bxf3 Nbd7 13. Rfe1 Rd8 14. Rad1
O-O 15. Qe3 h6 16. Ne4 Nxe4 17. Bxe4 Nf6 18. Bg2 Rd7 19. Qb3 Rfd8 20. c3 Qc7
21. Bf3 Rd6 22. Qa4 a6 23. Qb4 Nd5 24. Qc5 Qd7 25. a4 b6 26. Qc4 Qa7 27. Re5 b5
28. Qc5 Qxc5 29. dxc5 R6d7 30. axb5 axb5 31. Bxd5 Rxd5 32. Rexd5 exd5 33. Ra1
Re8 34. Ra6 Re6 35. Ra8+ Kh7 36. Rc8 Kg6 37. Kg2 Kf5 38. Kf3 g5 39. h3 h5 40.
g4+ hxg4+ 41. hxg4+ Ke5 42. Rg8 Kf6 43. Rc8 Ke7 44. Rg8 Re4 45. Rxg5 b4 46. Rf5
bxc3 47. bxc3 Rc4 48. Re5+ Kf6 49. Re3 Kg5 50. Re5+ Kg6 51. Re3 f6 52. Kg3 Kg5
53. f3 Rxc5 54. f4+ Kg6 55. Rd3 Rc4 56. Re3 Ra4 57. Re6 Rc4 58. Re3 c5 59. Rd3
d4 60. cxd4 cxd4 61. Kf3 f5 62. g5 Kh5 63. Ra3 Rc1 64. Rd3 Rc4 65. Ra3 Rc1 66.
Rd3 1/2-1/2

[Event "Nationale 1 Besançon-Grasse"]
[Site "Avignon"]
[Date "2007.12.15"]
[Round "4.8"]
[White "Forestier, C."]
[Black "Lamotte, G."]
[Result "1-0"]
[WhiteElo "1975"]
[BlackElo "1919"]
[PlyCount "69"]
[EventDate "2007.12.16"]
[SourceDate "2007.12.16"]

1. d4 e6 2. Nf3 Nf6 3. c4 b6 4. g3 Bb7 5. Bg2 Be7 6. O-O O-O 7. Nc3 d6 8. Re1
Ne4 9. Qc2 f5 10. Nd2 d5 11. Ndxe4 fxe4 12. Bh3 Rf6 13. Bf4 c6 14. Rad1 Nd7 15.
f3 exf3 16. exf3 Nf8 17. Re3 c5 18. Ne2 Qe8 19. Bg5 Rg6 20. Bxe7 Qxe7 21. Nf4
Qg5 22. Kf2 Rh6 23. Qc3 dxc4 24. Nxe6 Nxe6 25. Bxe6+ Kh8 26. h4 Qf6 27. Qxc4
Rd8 28. Bd5 Bxd5 29. Qxd5 Qf8 30. Qe4 Rhd6 31. d5 Kg8 32. Qg4 Qf7 33. Re5 Qf6
34. Qe4 Kf8 35. Rf5 1-0

[Event "Nationale 1 Lyon-Toulouse"]
[Site "Avignon"]
[Date "2007.12.15"]
[Round "4.1"]
[White "Lazarev, V."]
[Black "Van Elst, A."]
[Result "1-0"]
[WhiteElo "2488"]
[BlackElo "2350"]
[PlyCount "65"]
[EventDate "2007.12.16"]
[SourceDate "2007.12.16"]

1. d4 Nf6 2. c4 g6 3. Nc3 Bg7 4. e4 d6 5. Nf3 O-O 6. Be2 Nbd7 7. O-O e5 8. Qc2
c6 9. d5 c5 10. Bg5 h6 11. Bd2 Ne8 12. g3 f5 13. Nh4 Qf6 14. exf5 gxf5 15. f4
e4 16. Kh1 Qf7 17. g4 fxg4 18. Bxg4 Ndf6 19. Bxc8 Rxc8 20. Nxe4 Nxe4 21. Qxe4
Bxb2 22. Rab1 Bg7 23. Rg1 Nf6 24. Qd3 Nh5 25. f5 Qf6 26. Rg4 Rf7 27. Bc3 Qd8
28. Rbg1 Rcc7 29. f6 Nxf6 30. Rg6 Kf8 31. Nf5 Ne8 32. Nxg7 Nxg7 33. Rxh6 1-0

[Event "Nationale 1 Lyon-Toulouse"]
[Site "Avignon"]
[Date "2007.12.15"]
[Round "4.2"]
[White "Pasquier, T."]
[Black "Benitah, Y."]
[Result "1/2-1/2"]
[WhiteElo "2233"]
[BlackElo "2423"]
[PlyCount "67"]
[EventDate "2007.12.16"]
[SourceDate "2007.12.16"]

1. e4 c5 2. Nf3 d6 3. d4 cxd4 4. Nxd4 Nf6 5. Nc3 a6 6. Bc4 e6 7. a4 Nc6 8. O-O
Qc7 9. Ba2 Be7 10. Kh1 O-O 11. f4 Nb4 12. Bb3 b6 13. f5 e5 14. Nde2 Bb7 15. Bg5
h6 16. Bxf6 Bxf6 17. Ng3 Kh7 18. Nh5 Bg5 19. Qe2 Rad8 20. Rad1 Qc5 21. Rf3 Nc6
22. Rh3 g6 23. Nf6+ Kg7 24. Nfd5 Nd4 25. Qg4 f6 26. Ne7 h5 27. Rxh5 gxh5 28.
Qxh5 Nxb3 29. Qg6+ Kh8 30. Qh5+ Kg7 31. Qg6+ Kh8 32. Rd3 Be3 33. Qh5+ Kg7 34.
Qg6+ 1/2-1/2

[Event "Nationale 1 Lyon-Toulouse"]
[Site "Avignon"]
[Date "2007.12.15"]
[Round "4.3"]
[White "Vernay, C."]
[Black "Heinis, V."]
[Result "1-0"]
[WhiteElo "2396"]
[BlackElo "2202"]
[PlyCount "89"]
[EventDate "2007.12.16"]
[SourceDate "2007.12.16"]

1. d4 Nf6 2. c4 g6 3. Nc3 Bg7 4. e4 d6 5. Bd3 O-O 6. Nge2 Nc6 7. O-O e5 8. d5
Nd4 9. Rb1 Nh5 10. b4 Qh4 11. Nxd4 exd4 12. Nb5 Bg4 13. Qd2 h6 14. f3 Bd7 15.
Bb2 Bxb5 16. cxb5 f5 17. g3 Qg5 18. f4 Qg4 19. exf5 Rae8 20. Qd1 Qh3 21. Rf2
Re3 22. Bf1 Rxg3+ 23. hxg3 Qxg3+ 24. Bg2 Nxf4 25. Qf3 Nh3+ 26. Kf1 Qxf2+ 27.
Qxf2 Nxf2 28. Kxf2 Rxf5+ 29. Bf3 g5 30. Kg2 h5 31. Bxh5 Rxd5 32. a4 d3 33. Bf3
Rf5 34. Bxb7 Bxb2 35. Rxb2 Rf4 36. a5 Kg7 37. Bc6 Kf6 38. Rd2 Rd4 39. Kf2 g4
40. Ke3 Ke5 41. Rxd3 Rxb4 42. Rd5+ Kf6 43. a6 g3 44. Kf3 Rb3+ 45. Kg2 1-0

[Event "Nationale 1 Lyon-Toulouse"]
[Site "Avignon"]
[Date "2007.12.15"]
[Round "4.4"]
[White "Luminais, E."]
[Black "Ravot, S."]
[Result "1-0"]
[WhiteElo "2231"]
[BlackElo "2232"]
[PlyCount "81"]
[EventDate "2007.12.16"]
[SourceDate "2007.12.16"]

1. e4 c5 2. Nf3 e6 3. d3 Nc6 4. g3 g6 5. Bg2 Bg7 6. O-O Nge7 7. c3 O-O 8. Qe2
b6 9. h4 h6 10. Bf4 d6 11. e5 Nd5 12. Nbd2 Nxf4 13. gxf4 d5 14. d4 cxd4 15.
cxd4 Nb4 16. Rfc1 Ba6 17. Qe3 Rc8 18. Qa3 Qe7 19. Rc3 Be2 20. Re1 Bxf3 21. Nxf3
a5 22. Bf1 Qb7 23. Qb3 Nc6 24. Rec1 Ne7 25. Bd3 Rfd8 26. h5 gxh5 27. Kh2 Rxc3
28. bxc3 Ng6 29. f5 exf5 30. Bxf5 Qc6 31. Rg1 Nf4 32. Qc2 Kh8 33. Nh4 Qc4 34.
Re1 Qc6 35. Re3 b5 36. Rg3 b4 37. Qd2 Ne6 38. cxb4 axb4 39. Bb1 Qc4 40. Nf5 h4
41. Rxg7 1-0

[Event "Nationale 1 Lyon-Toulouse"]
[Site "Avignon"]
[Date "2007.12.15"]
[Round "4.5"]
[White "Safranska, A."]
[Black "Tournier, M."]
[Result "1/2-1/2"]
[WhiteElo "2294"]
[BlackElo "2225"]
[PlyCount "93"]
[EventDate "2007.12.16"]
[SourceDate "2007.12.16"]

1. Nf3 Nf6 2. g3 d5 3. Bg2 Bg4 4. d3 c6 5. O-O Nbd7 6. h3 Bh5 7. Qe1 e5 8. e4
dxe4 9. dxe4 Be7 10. Nbd2 O-O 11. Nc4 Qc7 12. Nh4 Rfe8 13. Bd2 Rad8 14. Kh1 Nc5
15. f3 Nfd7 16. Nf5 Bf8 17. a4 Bg6 18. Nh4 Be7 19. Nxg6 hxg6 20. Be3 b6 21. b4
Ne6 22. f4 exf4 23. gxf4 g5 24. fxg5 Bxg5 25. Bxg5 Nxg5 26. Qh4 Ne5 27. Ne3 Ne6
28. Rf5 Ng6 29. Qg4 Nd4 30. Rf2 Ne6 31. Raf1 Rd7 32. h4 Ne5 33. Qh5 g6 34. Qe2
Qd8 35. h5 Qh4+ 36. Kg1 Nd4 37. Qe1 Qg3 38. Kh1 Qh4+ 39. Kg1 Qg3 40. Kh1 Ng4
41. Nxg4 Qxg4 42. hxg6 fxg6 43. Qe3 Rh7+ 44. Kg1 Qh4 45. Rd1 Qh2+ 46. Kf1 Ne6
47. Rdd2 1/2-1/2

[Event "Nationale 1 Lyon-Toulouse"]
[Site "Avignon"]
[Date "2007.12.15"]
[Round "4.6"]
[White "Planell, E."]
[Black "Curto, N."]
[Result "0-1"]
[WhiteElo "2185"]
[BlackElo "2134"]
[PlyCount "60"]
[EventDate "2007.12.16"]
[SourceDate "2007.12.16"]

1. e4 c5 2. c3 Nf6 3. e5 Nd5 4. Nf3 Nc6 5. Na3 d6 6. exd6 Qxd6 7. d4 cxd4 8.
Bc4 a6 9. Nxd4 e6 10. O-O Nxd4 11. Qxd4 Nf6 12. Qh4 Be7 13. Bg5 O-O 14. Rad1
Qc5 15. b4 Qc6 16. Rfe1 b5 17. Bd3 Bb7 18. Qh3 g6 19. Bd2 Rfd8 20. Be2 Rac8 21.
c4 Rxd2 22. Rxd2 Bxb4 23. Red1 Bxd2 24. Rxd2 b4 25. Nc2 Ne4 26. Rd4 a5 27. Qh4
Nc3 28. Rd8+ Rxd8 29. Qxd8+ Kg7 30. Qd4+ f6 0-1

[Event "Nationale 1 Lyon-Toulouse"]
[Site "Avignon"]
[Date "2007.12.15"]
[Round "4.8"]
[White "Cwiek, F."]
[Black "Mehiaoui, D."]
[Result "0-1"]
[WhiteElo "1150"]
[BlackElo "1874"]
[PlyCount "68"]
[EventDate "2007.12.16"]
[SourceDate "2007.12.16"]

1. d4 f5 2. Bg5 g6 3. e3 Bg7 4. Bd3 Nf6 5. Nf3 d6 6. c3 O-O 7. O-O Qe8 8. Nbd2
e5 9. Re1 e4 10. Bc4+ Kh8 11. Nh4 Be6 12. Qb3 Bxc4 13. Nxc4 Qc6 14. Na5 Qb6 15.
Qxb6 axb6 16. Nxb7 Ra7 17. Nc5 bxc5 18. c4 Nbd7 19. a3 Rb8 20. Reb1 Rb3 21. f3
Rab7 22. Kf2 Rxb2+ 23. Rxb2 Rxb2+ 24. Kg3 cxd4 25. exd4 Nh5+ 26. Kh3 Bxd4 27.
Rd1 Bf6 28. Be3 Rb3 29. Bc1 Nc5 30. g4 fxg4+ 31. Kxg4 Nd3 32. Rf1 Rb1 33. Bg5
Rxf1 34. Bxf6+ Nxf6+ 0-1

[Event "Nationale 1 Avignon-Cannes"]
[Site "Avignon"]
[Date "2007.12.15"]
[Round "4.1"]
[White "Alsina Leal, D."]
[Black "Guidarelli, L."]
[Result "1-0"]
[WhiteElo "2435"]
[BlackElo "2444"]
[PlyCount "61"]
[EventDate "2007.12.16"]
[SourceDate "2007.12.16"]

1. e4 c5 2. Nf3 d6 3. d4 cxd4 4. Nxd4 Nf6 5. Nc3 a6 6. Be3 e5 7. Nb3 Be6 8. f3
Be7 9. Qd2 Nbd7 10. g4 O-O 11. g5 Nh5 12. O-O-O Rc8 13. Kb1 g6 14. Rg1 Qe8 15.
Nd5 Bd8 16. Qb4 Bxd5 17. Rxd5 Nf4 18. Bxf4 exf4 19. Bh3 Be7 20. e5 Nxe5 21.
Bxc8 Nc6 22. Qxb7 Qxc8 23. Qxc8 Rxc8 24. h4 Ne5 25. Nd2 h6 26. Rd4 hxg5 27.
hxg5 Rc5 28. Rxf4 Nd7 29. Ne4 Re5 30. Rh4 d5 31. Rgh1 1-0

[Event "Nationale 1 Avignon-Cannes"]
[Site "Avignon"]
[Date "2007.12.15"]
[Round "4.2"]
[White "Sanchez, J."]
[Black "Romero Holmes, A."]
[Result "0-1"]
[WhiteElo "2496"]
[BlackElo "2515"]
[PlyCount "54"]
[EventDate "2007.12.16"]
[SourceDate "2007.12.16"]

1. e4 e6 2. d4 d5 3. Nc3 Bb4 4. e5 Ne7 5. Nf3 b6 6. Bb5+ c6 7. Bd3 Ba6 8. O-O
Bxd3 9. Qxd3 Bxc3 10. bxc3 Qc8 11. Ng5 h6 12. Qh3 Ng6 13. Nf3 c5 14. Re1 cxd4
15. Nxd4 Nc6 16. Nb5 O-O 17. Ba3 Rd8 18. Qh5 Qa6 19. Rab1 Qa4 20. Bd6 Rac8 21.
Qd1 a6 22. Nd4 Nxd4 23. cxd4 Qxa2 24. Rxb6 Rxc2 25. Rxa6 Qb2 26. Ba3 Qc3 27.
Bb4 Qxb4 0-1

[Event "Nationale 1 Avignon-Cannes"]
[Site "Avignon"]
[Date "2007.12.15"]
[Round "4.3"]
[White "Rahal, M."]
[Black "Govciyan, P."]
[Result "1/2-1/2"]
[WhiteElo "2390"]
[BlackElo "2417"]
[PlyCount "83"]
[EventDate "2007.12.16"]
[SourceDate "2007.12.16"]

1. e4 e5 2. Nf3 Nc6 3. Bb5 Nge7 4. O-O d6 5. c3 Bd7 6. d4 Ng6 7. Be3 Be7 8. d5
Nb8 9. Bxd7+ Nxd7 10. c4 O-O 11. Nc3 f5 12. exf5 Rxf5 13. Nd2 Bg5 14. Qg4 Bxe3
15. fxe3 Rxf1+ 16. Rxf1 Qe7 17. Nde4 a6 18. g3 Rf8 19. Rxf8+ Ngxf8 20. Kg2 h6
21. b3 Qf7 22. a4 Qg6 23. Qxg6 Nxg6 24. a5 Kf7 25. b4 Ngf8 26. Kf3 Nh7 27. g4
Nhf6 28. h4 Ne8 29. h5 c6 30. Ng3 c5 31. b5 e4+ 32. Ncxe4 Ne5+ 33. Kf4 Nxc4 34.
bxa6 bxa6 35. Nf5 Kf8 36. g5 hxg5+ 37. Kxg5 Kf7 38. Kf4 g6 39. Ng5+ Kf6 40.
Ne4+ Kf7 41. Ng5+ Kf6 42. Ne4+ 1/2-1/2

[Event "Nationale 1 Avignon-Cannes"]
[Site "Avignon"]
[Date "2007.12.15"]
[Round "4.4"]
[White "Levacic, D."]
[Black "Meynard, T."]
[Result "1-0"]
[WhiteElo "2253"]
[BlackElo "2288"]
[PlyCount "47"]
[EventDate "2007.12.16"]
[SourceDate "2007.12.16"]

1. Nf3 d5 2. c4 d4 3. g3 g6 4. b4 Bg7 5. Bb2 e5 6. e3 c5 7. bxc5 Nc6 8. Bg2
Nge7 9. O-O O-O 10. exd4 e4 11. Ng5 Nxd4 12. Nxe4 Ne2+ 13. Qxe2 Bxb2 14. Nbc3
Bxa1 15. Rxa1 Qd4 16. Rb1 Be6 17. Rxb7 Bxc4 18. Rb4 Bxe2 19. Rxd4 Ba6 20. Nf6+
Kg7 21. Bxa8 Rxa8 22. Rd6 Bc4 23. Nfe4 f5 24. Rd7 1-0